000 00789cab a2200253 4500
001 ABS51890
008 090401t1994 xxu||||| |||| 00| 0 eng d
035 _a(Sirsi) u48997
041 _aeng
100 _aMinogue, A.
245 _aNEC: don`t get carried away
260 _c1994
350 _a0
490 _aBuilding
_v259(7872) 9 December 1994, 31(1)
520 _aExamines the New Engineering Contract in the light of recent recommendations and urges a more balanced evaluation of the contract.
650 _aBUILT ENVIRONMENT-BUILDING CONTRACT FORMS
650 _aLATHAM REFORMS
650 _aMODEL FORM OF CONTRACT
650 _aNEC
650 _aNEW ENGINEERING CONTRACT
690 _aBUILT ENVIRONMENT-BUILDING CONTRACT FORMS
942 _n0
948 _c04/03/1997
999 _c30717
_d30717